000 00614nam a2200217Ia 4500
003 OSt
005 20220926012042.0
006 a|||||r|||| 00| 0
007 ta
008 220923b |||||||| |||| 00| 0 eng d
037 _cGeneral Book
040 _aRTL
_cRTL
_beng
041 _2eng
_aeng
082 _aXxM01,1, K0
100 _aCournot Augustin
_9315453
245 0 _aResearches into the mathematical principles of the
260 _aNew York
_bAugustus M Kelley
_c1960
300 _axxiv, 213p
_ccm.
942 _hXxM01,1, K0
_cGB
_2CC
999 _c621612
_d621612